<?xml version="1.0" encoding="UTF-8"?>
<record
    xmlns:xsi="http://www.w3.org/2001/XMLSchema-instance"
    xsi:schemaLocation="http://www.loc.gov/MARC21/slim http://www.loc.gov/standards/marcxml/schema/MARC21slim.xsd"
    xmlns="http://www.loc.gov/MARC21/slim">

  <leader>00937    a2200241   4500</leader>
  <controlfield tag="003">OSt</controlfield>
  <controlfield tag="005">20240201144424.0</controlfield>
  <controlfield tag="008">220504s2018    mx ad||f |||| 001 0 spa d</controlfield>
  <datafield tag="040" ind1=" " ind2=" ">
    <subfield code="c">CHAP</subfield>
  </datafield>
  <datafield tag="082" ind1="0" ind2="0">
    <subfield code="2">22</subfield>
    <subfield code="a">378.1980210972</subfield>
    <subfield code="b">U58 2018</subfield>
  </datafield>
  <datafield tag="110" ind1="2" ind2=" ">
    <subfield code="9">188565</subfield>
    <subfield code="a">Unidad de Educaci&#xF3;n Media Superior Tecnol&#xF3;gica Agropecuaria y Ciencias del Mar</subfield>
  </datafield>
  <datafield tag="245" ind1="1" ind2="0">
    <subfield code="a">Unidad de Educaci&#xF3;n  Media Superior Tecnol&#xF3;gica Agropecuaria y Ciencias del Mar, 2018 /</subfield>
    <subfield code="c">por Secretaria de Educaci&#xF3;n P&#xFA;blica</subfield>
  </datafield>
  <datafield tag="264" ind1=" " ind2="1">
    <subfield code="a">M&#xE9;xico:</subfield>
    <subfield code="b">Secretaria de Educaci&#xF3;n P&#xFA;blica,</subfield>
    <subfield code="c">2018.</subfield>
  </datafield>
  <datafield tag="300" ind1=" " ind2=" ">
    <subfield code="a">191 p&#xE1;ginas:</subfield>
    <subfield code="b">Ilustraciones, cuadros, gr&#xE1;ficas, tablas</subfield>
  </datafield>
  <datafield tag="650" ind1=" " ind2="4">
    <subfield code="9">32126</subfield>
    <subfield code="a">Deserci&#xF3;n escolar</subfield>
  </datafield>
  <datafield tag="650" ind1=" " ind2="4">
    <subfield code="9">136817</subfield>
    <subfield code="a">Educaci&#xF3;n media superior</subfield>
    <subfield code="v">Estudio de caso</subfield>
    <subfield code="x">Evaluaci&#xF3;n</subfield>
  </datafield>
  <datafield tag="650" ind1=" " ind2="4">
    <subfield code="9">35678</subfield>
    <subfield code="a">Educaci&#xF3;n t&#xE9;cnica</subfield>
    <subfield code="x">M&#xE9;xico</subfield>
  </datafield>
  <datafield tag="710" ind1=" " ind2=" ">
    <subfield code="9">157813</subfield>
    <subfield code="a">Secretar&#xED;a de Educaci&#xF3;n P&#xFA;blica (M&#xE9;xico)</subfield>
  </datafield>
  <datafield tag="942" ind1=" " ind2=" ">
    <subfield code="2">ddc</subfield>
  </datafield>
  <datafield tag="942" ind1=" " ind2=" ">
    <subfield code="2">ddc</subfield>
  </datafield>
  <datafield tag="942" ind1=" " ind2=" ">
    <subfield code="2">ddc</subfield>
  </datafield>
  <datafield tag="942" ind1=" " ind2=" ">
    <subfield code="c">LIBRO</subfield>
  </datafield>
  <datafield tag="999" ind1=" " ind2=" ">
    <subfield code="c">209255</subfield>
    <subfield code="d">209255</subfield>
  </datafield>
  <datafield tag="952" ind1=" " ind2=" ">
    <subfield code="0">0</subfield>
    <subfield code="1">0</subfield>
    <subfield code="2">ddc</subfield>
    <subfield code="4">0</subfield>
    <subfield code="5">1</subfield>
    <subfield code="7">0</subfield>
    <subfield code="8">C</subfield>
    <subfield code="a">BC</subfield>
    <subfield code="b">BC</subfield>
    <subfield code="c">PA_CONSULTA</subfield>
    <subfield code="d">2024-01-23</subfield>
    <subfield code="l">0</subfield>
    <subfield code="o">378.1980210972 U58 2018</subfield>
    <subfield code="p">33724002582307</subfield>
    <subfield code="r">2024-01-23 00:00:00</subfield>
    <subfield code="w">2024-01-23</subfield>
    <subfield code="y">LIBRO</subfield>
  </datafield>
</record>
